000 00624nam a2200217Ia 4500
003 OSt
005 20220926030311.0
006 a|||||r|||| 00| 0
007 ta
008 220923b |||||||| |||| 00| 0 eng d
037 _cGeneral Book
040 _aRTL
_cRTL
_beng
041 _2eng
_aeng
082 _aB28930aX:8, L7
100 _aStainton R S
_9334013
245 0 _aOperational research and its management applicatio
260 _aPlymouth
_bA Macdonald and Evans
_c1977
650 _aOperational Research
942 _hB28930aX:8, L7
_cGB
_2CC
999 _c649240
_d649240